LEADER 01165nam--2200337---450 001 990001444300203316 005 20200415091402.0 035 $a000144430 035 $aUSA01000144430 035 $a(ALEPH)000144430USA01 035 $a000144430 100 $a20040220d1978----km-y0itay0103----ba 101 0 $aita 102 $aIT 105 $a||||||||001yy 200 1 $a<> contributo dei giullari alla drammaturgia italiana delle origini$eatti del II convegno di studio$eViterbo, 17-19 giugno 1977 210 $aRoma$cBulzoni$d1978 215 $a342 p.$cill.$d24 cm 300 $aIn testa al frontespizio: Ente provinciale per il turismo, Viterbo 606 0 $aLetteratura drammatica italiana$zSec. 9.-13.$xAtti di congressi 676 $a852.1 710 02$aCentro di studi sul teatro medioevale e rinascimentale$0448692 801 0$aIT$bsalbc$gISBD 912 $a990001444300203316 951 $aVI.3.B. 1068(VII E 205)$b86538 L.M.$cVII E 951 $aXVII A. 100$b1209 DLAS$cXVII A.$d368813 959 $aBK 969 $aUMA 969 $aCAS 996 $aContributo dei giullari alla drammaturgia italiana delle origini$9136602 997 $aUNISA LEADER 00923nam 2200229z- 450 001 9910694587803321 005 20130605081649.0 035 $a(CKB)5860000000028669 035 $a(BIP)023786176 035 $a(EXLCZ)995860000000028669 100 $a20220406c2008uuuu -u- - 101 0 $aeng 200 10$aMoving beyond the first five years $esolving the Department of Homeland Security's management challenges : hearing before the Subcommittee on Management, Investigations, and Oversight of the Committee on Homeland Security, House of Representatives, One Hundred Tenth Congress, second session, April 9, 2008 215 $a1 online resource (iii, 67 p.) $cill 311 $a0-16-081432-4 517 $aMoving beyond the first five years 610 $aUnited States 610 $aPolitical science 906 $aBOOK 912 $a9910694587803321 996 $aMoving beyond the first five years$93197324 997 $aUNINA